| 000 | 01244nac a22002771u 4500 | ||
|---|---|---|---|
| 020 | _a0764113739 : | ||
| 020 | _a0764174592 : | ||
| 082 |
_a650.076 _bJAF |
||
| 090 |
_c8690 _d8690 |
||
| 100 | _aJaffe, Eugene D. | ||
| 245 |
_aBarron’s GMAT : How to prepare for the Graduate Management Admission Test / _bHow to prepare for the Graduate Management Admission Test / _cEugene D. Jaffe and Stephen Hilbert |
||
| 246 |
_aHow to prepare for the Graduate Management Admission Test _bGMAT |
||
| 250 | _a12th ed. | ||
| 260 |
_aHauppauge, NY : _bBarron’s Educational Series,2001. _cc2001. |
||
| 300 |
_ax,577p.: _bill.; _c24cm. |
||
| 500 | _aDistributer: Al-Ahram | ||
| 504 | _aIncludes bibliographical references. | ||
| 511 | _aCatalogued by: Sara | ||
| 650 | _aGraduate Management Admission Test--Study guides. | ||
| 650 | _aManagement--Examinations, questions, etc. | ||
| 650 | _aBusiness schools--Entrance examinations--Study guides. | ||
| 650 | _aUniversities and colleges--Graduate work--Examinations--Study guides. | ||
| 700 | _aHilbert, Stephen | ||
| 942 |
_cBB _k650.076JAF |
||
| 999 |
_c8690 _d8690 |
||